LIBRARY & INFORMATION CENTRE, KCAET, TAVANUR

ONLINE PUBLIC ACCESS CATALOGUE (OPAC)

Fabrication techniques / (Record no. 9256)

MARC details
000 -LEADER
fixed length control field 00411cam a2200169ua 4500
003 - CONTROL NUMBER IDENTIFIER
control field OSt
008 - FIXED-LENGTH DATA ELEMENTS--GENERAL INFORMATION
fixed length control field 250325b |||||||| |||| 00| 0 eng d
041 ## - LANGUAGE CODE
Language code of text/sound track or separate title eng
082 ## - DEWEY DECIMAL CLASSIFICATION NUMBER
Classification number 621.9021
Item number AGG/FA
100 ## - MAIN ENTRY--AUTHOR NAME
Personal name Aggarwal, K B .
245 ## - TITLE STATEMENT
Title Fabrication techniques /
250 ## - EDITION STATEMENT
Edition statement 3 /
260 ## - PUBLICATION, DISTRIBUTION, ETC. (IMPRINT)
Place of publication :
Name of publisher Katsen publishing house ,
Year of publication 1982.
300 ## - PHYSICAL DESCRIPTION
Number of Pages 232 ; .
700 1# - ADDED ENTRY--PERSONAL NAME
Personal name Singha, D R .
942 ## - ADDED ENTRY ELEMENTS (KOHA)
Koha item type Books
Holdings
Withdrawn status Lost status Damaged status Home library Current library Date acquired Full call number Accession Number Koha item type
      KAUAET KAUAET 07/04/2012 621.9021 AGG/FA 14548 Books
      KAUAET KAUAET 07/04/2012 621.9021 AGG/FA 14547 Books
free website counter